00485nam a2200145Ia 4500008004100000020001800041082001200059100002100071245005100092260001100143500003400154942000700188952012900195999001500324260604s9999 xx 000 0 und d a9781803926995 a332 KAC aKACZYNSKI935132 0aHOW TO CONDUCT QUALITATIVE RESEARCH IN FINANCE bEDWARD aFinance, Qualitative Research cBK 00104070aIIMVbIIMVcLOCKERd2026-06-04g14687.80l0o332 KACp003509r2026-06-04 10:18:07v14687.80w2026-06-04yBKBKAC c7891d7891